Statistics for Rugby - Cities where the All Blacks and Springboks have met

Click here to take the quiz!

General Stats

  • This quiz has been taken 42 times
  • The average score is 13 of 18

Answer Stats

Cities% Correct
Wellington
100%
Auckland
97%
Johannesburg
95%
Pretoria
95%
Cape Town
92%
Durban
92%
Christchurch
89%
London
89%
Bloemfontein
86%
Dunedin
84%
Cardiff
70%
Melbourne
68%
Port Elizabeth
68%
Hamilton
49%
Rustenburg
38%
Yokohama
35%
Gold Coast
19%
Townsville
16%

Score Distribution

Percentile by Number Answered

Percent of People with Each Score

Your Score History

You have not taken this quiz